000 00639nam a2200193 a 4500
001 000043032
005 20201002040604.0
008 140218s2003 xxu 000 0 spa d
020 _a0743235843
040 _aDO-SdBNP
_bspa
_cBNPHU
100 1 _aKugel, James L.
_970559
245 1 0 _aThe god of old :
_binside the lost world of the bible /
_cJames L. Kugel.
260 _aNew York, :
_bThe Free press,
_c2003.
300 _a270 p. ;
_c22 cm.
500 _aIncluye datos biografícos del autor en la solapa de la contraportada
500 _aIncluye índice
500 _aIncluye índice de escritura
504 _aBibliografía p: 201-253
999 _c42521
_d42521